000 004410000a22001690004500
003 MACL
005 20160216164521.0
008 160216b xxu||||| |||| 00| 0 eng d
040 _aMACL
_cmacl
041 _aHindi
082 _a294
100 _aव्‍यास महर्षि वेद
_938568
245 _aमहाभारत
260 _bStar Publications
_aNew Delhi
650 _aReligion
_938569
942 _cHIN
_k294
_2ddc
999 _c29234
_d29234